La civilización en la historia

Guardat en:
Dades bibliogràfiques
Autor principal: Ors, Eugenio d' (autor)
Format: Llibre
Idioma:espanyol
Publicat: Buenos Aires Sudamericana 1953
Matèries:
Etiquetes: Afegir etiqueta
Sense etiquetes, Sigues el primer a etiquetar aquest registre!

MARC

LEADER 00000nam a2200000 a 4500
001 UCO4024
003 CL-VaPUC
008 000728e19530000AG |||||||||||||||||spa|d
082 0 4 |a 909  |b ORS  |2 21 
100 |a Ors, Eugenio d'  |e autor  |9 347022 
245 1 3 |a La civilización en la historia 
300 |a 237 p 
942 |c BK 
945 |d 20000728 00:00:00  |a crobeson 
260 |a Buenos Aires  |b Sudamericana  |c 1953 
650 0 |a Historia universal  |9 266877 
650 0 |a Civilización   |9 255823 
650 0 |a Civilizaciones antiguas  |9 265998 
583 |a last modification  |c 20000728 00:00:00  |k Rodrigo Vera 
999 |c 290111  |d 290109 
952 |0 0  |1 0  |4 0  |6 909_000000000000000_ORS_1953  |7 0  |8 A  |9 339328  |a BIBHIS  |b BIBHIS  |d 2019-11-20  |i 120307K  |o 909 ORS 1953  |p 120307K  |r 2025-01-20  |w 2019-11-20  |y BK  |k HIS